Quizzes
Events
Quiz Creation
Community
Videos
Private Events
Remove Ads
Sign In
Join for FREE
Feedback
Dark Mode
Quiz Categories
Sports
Geography
Music
Movies
Television
Just For Fun
Miscellaneous
History
Literature
Language
Science
Gaming
Entertainment
Religion
Holiday
For Kids
Quiz Lab
Recent
Popular Today
Quiz Kudos Today
Editor Picks
Curator Picks
Quizzes by...
Day
Popularity
Type
Ratings
Length
Year
Community
Subscriptions
Recent Discussions
Orange Saloon
Badges
Playlists
Quests
Create
Leaderboards
Showdown
Live 5
Trivia Bingo
Activity
Puzzle Library
Sporcle Events
Private Events
Virtual Trivia
Globe League
Become a Host
Pub Owners
SporcleCon
Opinionation
Our Games
Videos
Blog
Mobile Apps
Partnerships
Remove Ads and Go Orange
Feedback
Sports
Athletes
MLB
NBA
NHL
NFL
Soccer
Sports Teams
WWE
NCAA
Football
Premier League
Basketball
Baseball
Hockey
Golf
Tennis
Cricket
Rugby
Auto Racing
Olympics
World Cup
Sports
Athletes
MLB
NBA
NHL
NFL
Soccer
Sports Teams
WWE
NCAA
Football
Premier League
Basketball
Baseball
Hockey
Golf
Tennis
Cricket
Rugby
Auto Racing
Olympics
World Cup
Random Quiz
Search Sporcle
×
Quiz Lab
Quiz Lab
Sports
Football
Type in answers that appear in a list
Type in answers that appear in a list
Classic
Best Score? Go Orange.
Top XIs: Leicester City (1990s) Stats
Can you name the most-used League XIs for Leicester City in the 1990s?
By
culverhouse
10m
110 Questions
900 Plays
900 Plays
900 Plays
Comments
Comments
Give Quiz Kudos
Give Quiz Kudos
-
- Ratings
hide this ad
Replay
Link that replays current quiz
Next Quiz
Link to next quiz in quiz playlist
You Got
0%
They Got
Avg Score
69%
Avg Friend Score
Upgrade to see
Score Distribution
Jump to the score distribution portion of the page
Score
0/110
Timer
10:00
0
Plays Today
% Correct
Emile Heskey
96.3%
Emile Heskey
96.3%
Emile Heskey
96.3%
Emile Heskey
96.3%
Muzzy Izzet
94.6%
Muzzy Izzet
94.6%
Muzzy Izzet
94.6%
Muzzy Izzet
94.6%
Steve Walsh
93.2%
Steve Walsh
93.2%
Steve Walsh
93.2%
Steve Walsh
93.2%
Steve Walsh
93.2%
Steve Walsh
93.2%
Neil Lennon
93.1%
Neil Lennon
93.1%
Neil Lennon
93.1%
Neil Lennon
93.1%
Neil Lennon
93.1%
Kasey Keller
92.2%
Kasey Keller
92.2%
Kasey Keller
92.2%
Matt Elliott
92.1%
Matt Elliott
92.1%
Matt Elliott
92.1%
Steve Guppy
90.8%
Steve Guppy
90.8%
Steve Guppy
90.8%
Robbie Savage
90%
Robbie Savage
90%
Robbie Savage
90%
Tony Cottee
89%
Tony Cottee
89%
Steve Claridge
87.7%
Tim Flowers
83.4%
Ian Marshall
78%
Frank Sinclair
77%
% Correct
Frank Sinclair
77%
Julian Joachim
74.1%
Julian Joachim
74.1%
Gerry Taggart
73.7%
Kevin Poole
73.2%
Kevin Poole
73.2%
Kevin Poole
73.2%
Kevin Poole
73.2%
Andy Impey
73.2%
Andy Impey
73.2%
Richard Smith
72.9%
Richard Smith
72.9%
Garry Parker
72.2%
Garry Parker
72.2%
Simon Grayson
71.3%
Simon Grayson
71.3%
Simon Grayson
71.3%
Simon Grayson
71.3%
Iwan Roberts
70.9%
Iwan Roberts
70.9%
Pontus Kåmark
67.6%
Spencer Prior
67.2%
Spencer Prior
67.2%
Scott Taylor
65.7%
Scott Taylor
65.7%
Mark Draper
64.7%
Steve Thompson
63.7%
Steve Thompson
63.7%
Steve Thompson
63.7%
Gavin Ward
63.2%
Mike Whitlow
62.2%
Mike Whitlow
62.2%
Mike Whitlow
62.2%
Mike Whitlow
62.2%
Colin Hill
60.6%
Colin Hill
60.6%
Colin Hill
60.6%
% Correct
Colin Hill
60.6%
Ricky Hill
60.2%
Robert Ullathorne
58.4%
David Oldfield
55.9%
David Oldfield
55.9%
David Oldfield
55.9%
David Oldfield
55.9%
David Lowe
55.1%
David Lowe
55.1%
David Lowe
55.1%
Ian Ormondroyd
54.8%
Gary Mills
54.7%
Gary Mills
54.7%
Gary Mills
54.7%
Tommy Wright
53.7%
Tommy Wright
53.7%
David Speedie
50.3%
Tony James
49.4%
David Kelly
49%
Lee Philpott
48.2%
Lee Philpott
48.2%
Mark Blake
47.6%
Paul Kitson
46.7%
Julian Watts
46.2%
Carl Muggleton
45.3%
Jimmy Willis
44.3%
Steve Corica
41.2%
Steve Agnew
41.1%
Ally Mauchlen
40.1%
Nicky Mohan
38.6%
Brian Carey
37.4%
Paul Reid
36.4%
Marc North
32.8%
Nick Platnauer
31.7%
Colin Gordon
30.7%
Paul Fitzpatrick
24%
Quiz Playlist
Details
Report
Send in Message
Add To Playlist
Classic:
Type in answers that appear in a list
Quiz Source
Last Updated: Oct 7, 2022
Quiz Scoreboard
CHALLENGE
Sign Up to Join the Scoreboard
Show All
Scores
Hide
Comments
May contain spoilers
Recently Published
College Basketball Coaching Resumes
by pancakes188
Sports
9m
Billboard Blitz: Fleetwood Mac
by CooCooCachoo
Music
15s
Presidents Visiting Landmarks
by Hejman
History
7m
More to Explore
Quiz From the Vault
Featured Blog Post
Where Did the Easter Bunny Come From?
hide this ad
You Might Also Like...
Tags
Football Quiz
1990s
Leicester City
Today's Top Quizzes in Sports
Browse Sports
hide this ad
Today's Top Quizzes in Football
Browse Football
Top Contributed Quizzes in Sports
1
2022 World Cup Stars
2
Les meilleurs buteurs des matchs entre le PSG et l’OM
3
FIFA Club World Cup Champions
4
Les entraîneurs de l'OM et du PSG au 21e siècle
5
Criteria MLB: Left Handed Sluggers
6
AFC Teams Reveal (Wrong Answers Minefield)
7
5-to-1: UK Sports Teams
8
5-to-1: FBS Animal Nicknames
9
2023 MLB Unique Player Accomplishments
10
Name the Premier League winners with different clubs
Explore More
Trending Topics
Disney
Harry Potter
Marvel
Crossword
Anime
Kpop
NBA
Pokémon
Puzzle
The Office
Song
WWE
NFL
Soccer
Country
hide this ad
More By:
culverhouse
Quiz
Plays
Rating
Category
Featured
Created
Top XIs: Scotland (1980s/1990s)
7,011
5.00
Sports
Apr 1, 2016
FA Premier League XIs 2016-17
6,451
4.70
Sports
May 23, 2017
Top XIs: Liverpool (1980s)
6,070
5.00
Sports
Jul 1, 2016
Top XIs: Manchester United (1980s)
5,952
5.00
Sports
Jul 1, 2016
UEFA Champions League last 16 XIs 2018-19
5,531
4.89
Sports
Jun 1, 2019
Go to Creator's Profile
Score Distribution
Quiz Creator Spotlight
culverhouse
Follow
Send a Message
Quizzes Created
-
Created Quiz Play Count
-
More By This Creator
Popular Quizzes Today
1
Find the US States - No Outlines Minefield
2
Find the Countries of Europe - No Outlines Minefield
3
The Countries of the World
4
Find the US States
5
Risky Map Clicking: Biggest States A-Z
6
US States
7
Popular People in 1961
8
Movies - When Are They Set?
More Sports Quizzes
2000s Formula 1 Teams by Image
Curator's Pick
Trending Quizzes
Risky Map Clicking: Least Populous States A-Z
1-10 Letter G Words
1-10 Letter F Words
Risky Map Clicking: Next State Alphabetically
Risky Map Clicking: Biggest States A-Z
Recently Updated
Leaping Animals
pecheneg
Reality TV Shows (A-Z)
bhenderson79
Rickey Henderson's Hall of Fame Teammates
pecheneg
Champions League XIs: Arsenal
pecheneg
Quick Pick: Celebrities in WWE's Hall of Fame
aduchscher
A-Z Keypad Blitz II
pecheneg
Multiple Oscar Actors
pecheneg
Mystery Phrase Blitz: Oscar 'Best Actors'
pecheneg
F. Scott Fitzgerald Novels
LTH
Pick 3 Villains
ddd62291
Trending Topics
Kpop
Anime
NBA
Disney
Harry Potter
Crossword
Marvel
NFL
Soccer
Pokémon
Song
WWE
Puzzle
The Office
Country
Your Account Isn't Verified!
In order to create a playlist on Sporcle, you need to verify the email address you used during registration. Go to your
Sporcle Settings
to finish the process.
Report this User
Report this user for behavior that violates our
Community Guidelines
.
Details:
Send Report
Go to the Sporcle.com Mobile Site →
Comments